Most Expensive Norwich City Transfers - Statistics

General Stats
  • This quiz has been taken 30 times
    7 since last reset
  • The average score is 7 of 16
Answer Stats
Previous Club Fee (€) Player % Correct
Werder Bremen 9.5 m Josh Sargent
83%
Werder Bremen 11 m Milot Rashica
83%
PAOK 11 m Christos Tzolis
67%
São Paulo 10.5 m Gabriel Sara
67%
Sporting CP 10 m Ricky Van Wolfswinkel
67%
Everton 11 m Steven Naismith
67%
Rakow 11 m Ante Crnac
50%
PAOK 7.5 m Dimitrios Giannoulis
50%
Burnley 9.3 m Ben Gibson
33%
Slavia Praha 7 m Matej Jurasek
33%
Brondby 8 m Mathias Kvistgaarden
33%
Tottenham 9.4 m Alex Pritchard
17%
Celtic 6.3 m Gary Hooper
17%
Hull City 9.9 m Robbie Brady
17%
Wolfsberg 11 m Timm Klose
17%
Wigan 8.2 m Yanic Wildschut
17%
No matching quizzes found
Score Distribution
Percent of People with Each Score
Percentile by Number Answered
Your Score History
You have not taken this quiz since the last reset